00677nam a2200241 a 4500001001300000003000900013005001700022008004100039020001000080082001600090100001100106245003300117260003800150300000900188500003500197505002400232650002100256700001100277902000800288942000700296952011700303999001500420nice12345678IN_TiNIC20260116012537.0050524s1904 kana grp 000 0 urd  ac10000a891.41bAMI aAmir,  aMiratul Ghaib (diwan-E-Amir) aKanpurbNawal Kishore Pressc1904 a348p aincludes index and biblioraphy2 aBibliography, Index aUrdu-Poetry-amir1 aAmir,  bSRS cBK 001040708StackRoom-aHMIbHMId2007-06-18g100.00l0o891.41 AMIp010743r2007-06-18v100.00w2005-05-24yBK c7414d7414